=LDR 00000nam 2200000 4500 =001 INLIS000000000015445 =005 20221011082654 =035 ##$$a 0010-061300000015445 =008 221011################g##########0#ind## =041 ##$$a Indo =082 ##$$a R.004.03 =090 ##$$a R.004.03, Kam k =245 ##$$a Kamus Komputer Bergambar /$c diterjemahkan oleh Ir Eniman Yunus Syamsuddin =260 ##$$a Bandung :$b Ganeca Exact,$c 1985 =650 #4$$a Komputer-Kamus =850 ##$$a NBPNMAT =084 ##$$a R.004.03 KAM =300 ##$$a 226 hlm : $b ilus. ; $c 21 x 15 cm. =700 #$$a Syamsudin,Eniman Yunus =990 ##$$a 24.044/pro-87 =990 ##$$a 00035407